00499 2200181 4500001002100000005001500021035002000036008004100056245005700097100002400154260003000178300002600208020002200234084001500256082001100271650002100282990001400303INLIS00000000000002520260413033441 a0010-0317000023260413 0 1 a15 Cara Bikin Galeri Foto Online Dengan PHP dan HTML aPrabawati, Th. Arie aYogyakarta :bAndi,c2014 avi, 214 hlm. ;c23 cm a978-979-29-4721-2 a006.76 Lim a006.76 aWEB SITES-DESIGN a167216211